| 000 | 00938nam a22002657a 4500 | ||
|---|---|---|---|
| 003 | OSt | ||
| 005 | 20230202114357.0 | ||
| 008 | 221006b |||||||| |||| 00| 0 eng d | ||
| 020 | _a978 99939 0 646 9 | ||
| 040 | _cBiblioteca Lado V | ||
| 082 |
_a709 _bM972e |
||
| 100 |
_9732 _aMuralles Hazbun, Erica _eautora _eartista |
||
| 245 | _aErica Muralles Hazbun/ | ||
| 260 |
_aMexico _aGuatemala _bCOMERSIA _c2022 |
||
| 300 |
_c21x23cm _a153p. |
||
| 650 | 0 |
_2Tesauro de Arte & Arquitectura _aPINTURA _9702 |
|
| 650 |
_2Tesauro de Arte & Arquitectura _aESCULTURA _9702 |
||
| 650 |
_2Tesauro de Arte & Arquitectura _aEXHIBICION |
||
| 650 |
_2Tesauro de Arte & Arquitectura _aCATALOGO |
||
| 650 |
_2Tesauro de Arte & Arquitectura _aERICA MURALLES HAZBUN |
||
| 700 |
_aRuiz, Alma _ecolaboradora _9218 |
||
| 700 |
_aPayeras, Javier _ecolaboradora |
||
| 700 |
_aHerrera Ubico _ecolaboradora |
||
| 942 |
_2ddc _c1 _h709 _iM972e _n0 |
||
| 999 |
_c3040 _d3040 |
||